Planning for housing provision (Record no. 104443)
[ view plain ]
| 000 -LEADER | |
|---|---|
| fixed length control field | 01482cam a2200181 4500 |
| 001 - CONTROL NUMBER | |
| control field | L130383 |
| 008 - FIXED-LENGTH DATA ELEMENTS--GENERAL INFORMATION | |
| fixed length control field | 050722n2005 000 0 eng u |
| 035 ## - SYSTEM CONTROL NUMBER | |
| System control number | (Sirsi) u130383 |
| 041 ## - LANGUAGE CODE | |
| Language code of text/sound track or separate title | eng |
| 110 ## - MAIN ENTRY--CORPORATE NAME | |
| Corporate name or jurisdiction name as entry element | Office of the Deputy Prime Minister |
| 9 (RLIN) | 4685 |
| 245 ## - TITLE STATEMENT | |
| Title | Planning for housing provision |
| 260 ## - PUBLICATION, DISTRIBUTION, ETC. | |
| Place of publication, distribution, etc. | London |
| Name of publisher, distributor, etc. | ODPM |
| Date of publication, distribution, etc. | 2005 |
| 520 ## - SUMMARY, ETC. | |
| Summary, etc. | This consultation paper sets out government objectives for delivering a better supply of housing through the planning system and proposes a new policy approach to making the planning system more responsive to the housing market within the overall objective of planning, which contributes to sustainable development. The key elements of this approach are: robust evidence-based need and demand assessments and development of plan policies, which look at housing markets and are developed in partnership with stakeholders; a pro-active approach using positive planning to deliver appropriate housing land, keeping provision under review and maintaining a rolling five-year supply of housing land within a 15-year time horizon. Responses are invited by 9 September 2005 and a summary of the responses will be published on the DCLG website by the end of December 2005. |
| 590 ## - LOCAL NOTE (RLIN) | |
| Local note | IKA020805 |
| 690 ## - LOCAL SUBJECT ADDED ENTRY--TOPICAL TERM (OCLC, RLIN) | |
| Topical term or geographic name as entry element | PROPERTY-RESIDENTIAL PROPERTY-RESIDENTIAL LAND |
| 856 ## - ELECTRONIC LOCATION AND ACCESS | |
| Uniform Resource Identifier | <a href="https://www.communities.gov.uk/archived/publications/planningandbuilding/planninghousing">https://www.communities.gov.uk/archived/publications/planningandbuilding/planninghousing</a> |
| Public note | View the consultation free of charge at www.communities.gov.uk... |
| 942 ## - ADDED ENTRY ELEMENTS (KOHA) | |
| Suppress in OPAC | 0 |
| Withdrawn status | Lost status | Source of classification or shelving scheme | Damaged status | Not for loan | Home library | Current library | Shelving location | Date acquired | Total Checkouts | Full call number | Barcode | Date last seen | Copy number | Price effective from | Koha item type |
|---|---|---|---|---|---|---|---|---|---|---|---|---|---|---|---|
| Dewey Decimal Classification | Virtual | Virtual | Online | 22/07/2005 | L130383 | 130383-1001 | 06/08/2019 | 1 | 06/08/2019 | Book |